[Event "4NCL Division 1b"]
[Site "Telford, ENG"]
[Date "2018.03.17"]
[Round "7.56"]
[White "Spencer, Carl J"]
[Black "Eggleston, David J"]
[Result "1/2-1/2"]
[WhiteElo "2135"]
[BlackElo "2409"]
[PlyCount "173"]
[EventDate "2018.03.17"]
[WhiteTeam "Cambridge University 1"]
[BlackTeam "Cheddleton 1"]

1. e4 c5 2. Nf3 d6 3. Bb5+ Nd7 4. O-O Ngf6 5. Re1 a6 6. Bf1 g6 7. c3 Bg7 8. d4
cxd4 9. cxd4 O-O 10. Nc3 b5 11. a3 Bb7 12. h3 Nb6 13. Bd3 Rc8 14. Qe2 Nfd7 15.
Bg5 Qe8 16. a4 b4 17. Nb1 a5 18. Nbd2 e5 19. Be3 exd4 20. Bxd4 Nc5 21. Bxg7
Kxg7 22. Bb5 Qe7 23. e5 dxe5 24. Qxe5+ Qf6 25. Qxf6+ Kxf6 26. Ne5 Bd5 27. Re3
Ne6 28. Ndf3 Rc2 29. b3 Rfc8 30. Rd1 Rc1 31. Rxc1 Rxc1+ 32. Kh2 Rc3 33. Ng4+
Kg7 34. Nd2 Nc5 35. Re7 Nxb3 36. Nxb3 Bxb3 37. Ra7 Bxa4 38. Bxa4 Nxa4 39. Rxa5
Nc5 40. Ne3 b3 41. Rb5 Ne4 42. Nd1 Rc1 43. Ne3 Rb1 44. f3 Nd2 45. Kg3 Ra1 46.
h4 h5 47. Kf4 Re1 48. g4 hxg4 49. fxg4 Re2 50. h5 Rf2+ 51. Ke5 Nf3+ 52. Ke4 b2
53. Kd3 Ne5+ 54. Ke4 Re2 55. Kxe5 Rxe3+ 56. Kf4 Re2 57. hxg6 Kxg6 58. Kf3 Rc2
59. Rb6+ Kg7 60. g5 Kf8 61. Ke3 Ke7 62. Kd3 Rh2 63. Kc3 Kd7 64. Rb8 Kc6 65. Kd4
Rg2 66. Kc4 Kc7 67. Rb5 Kc6 68. Rb8 Kd6 69. Kd4 Ke6 70. Ke4 Rh2 71. Rb6+ Ke7
72. Kf4 Rc2 73. Ke4 Kd7 74. Kd4 Kc7 75. Rb5 Kc6 76. Rb8 Rg2 77. Kc4 Rg4+ 78.
Kd3 Kd5 79. Rb5+ Ke6 80. Rxb2 Rxg5 81. Ke4 Rg4+ 82. Kf3 Ra4 83. Rb6+ Kf5 84.
Rb5+ Kg6 85. Rb8 f5 86. Rg8+ Kf7 87. Rb8 1/2-1/2

[Event "4NCL Division 1b"]
[Site "Telford, ENG"]
[Date "2018.03.17"]
[Round "7.72"]
[White "Cooper, John G"]
[Black "Devereaux, Maxim L"]
[Result "0-1"]
[WhiteElo "2284"]
[BlackElo "2353"]
[PlyCount "52"]
[EventDate "2018.03.17"]
[WhiteTeam "West is Best 1"]
[BlackTeam "Barbican 4NCL 1"]

1. Nf3 d5 2. g3 Nf6 3. Bg2 e6 4. O-O Be7 5. c4 O-O 6. b3 c5 7. Bb2 Nc6 8. e3 b6
9. Nc3 Ba6 10. Qe2 dxc4 11. bxc4 Qd7 12. Rfd1 Rad8 13. d4 cxd4 14. exd4 Qc7 15.
Rac1 Qb8 16. Ne4 Rfe8 17. Nfg5 Nxe4 18. Nxf7 Kxf7 19. Bxe4 Na5 20. Qh5+ Kf8 21.
d5 Bf6 22. Ba3+ Rd6 23. dxe6 Rexe6 24. Bd5 Be7 25. Bxe6 Rxe6 26. Qxh7 Qe8 0-1